00829nam a2200301Ia 4500008004100000020001800041050001600059050001400075100003200089245004600121245002700167245003000194250001600224260002600240260001100266260000900277300001600286300001100302300001200313500005100325650002400376650002300400650001700423650002100440650001400461650002700475650002500502160216s9999 xx 000 0 und d a0-7216-9729-1 aMAIN RT 86  b.L44 2004 aLeFevre, Rosalinda Alfaro - aCritical thinking and clinical judgment : ba practical approach / cRosalinda Alfaro-LeFevre. a3rd Edition aSt. Louis, Missouri : bMosby. c2004 a300 pages : bill. ; c24 cm.  aIncludes bibliographical references and index. aCritical thinking.  aDecision Making -- aJudgment --  aNursing Process. aNursing.  x Nurses' Instruction.  xNurses' Instruction.